El nuevo fenómeno organizativo: causas e implicancias

Salvato in:
Dettagli Bibliografici
Autore principale: Halpern Montecino, Cecily (autora)
Natura: Libro
Lingua:spagnolo
Pubblicazione: Santiago Colegio de Abogados de Chile 2006
Soggetti:
Tags: Aggiungi Tag
Nessun Tag, puoi essere il primo ad aggiungerne!!

MARC

LEADER 00000nam a2200000 a 4500
001 UCI1724
003 CL-VaPUC
005 20240405124526.0
008 070713e20060000cl 1 spa d
082 0 4 |a 344.01  |b HAL  |2 21 
100 |a Halpern Montecino, Cecily  |e autora  |9 621033 
245 1 3 |a El nuevo fenómeno organizativo: causas e implicancias 
260 |a Santiago  |b Colegio de Abogados de Chile  |c 2006 
300 |a 28 p 
500 |a Publicada en el Diario Oficial 16 de Octubre de 2006 
583 |a last modification  |c 20190828 09:33:10  |k Rodrigo Vera 
650 0 7 |a DERECHO LABORAL  |2 CL-VaPUC  |9 15 
650 0 0 |a Relaciones laborales   |9 335971 
650 0 7 |a DERECHO SOCIAL Y ECONOMICO  |2 CL-VaPUC  |9 621034 
942 |c BK 
945 |a jtorresc  |d 20070713 00:00:00 
546 |a En Español 
536 |a Colegio de Abogados de Chile 
518 |p Seminario Derecho Laboral régimen de Subcontratación ley Nº 20.123, 1, Santiago, 4 y 5 de Julio de 2006 
999 |c 384276  |d 384274 
952 |0 0  |1 0  |2 ddc  |4 0  |6 344_010000000000000_HAL_2006  |7 0  |8 A  |9 506907  |a BIBDER  |b BIBDER  |d 2020-01-23  |i 4325559  |o 344.01 HAL 2006  |p 4325559  |r 2023-01-25  |w 2020-01-23  |y MX  |k DER